Súčasné postavenie ekonomiky Európskej únie vo vybraných ukazovateľoch

Európska únia ako celok má významné ekonomické postavenie vo svetovej ekonomike. Analýza súčawsného postavenia ekonomiky Európskej únie v jej dvoch charakteristických črtách. Prvou črtou je otázka klesajúcej konkurencieschopnosti pracovnej sily ako súčasná slabá stránka ekonomiky Európskej únie. Dru...

Descrizione completa

Salvato in:
Dettagli Bibliografici
Autore principale: Krátka, Jana
Altri autori: Čambalíková, Andrea, 1990-
Natura: Capitolo di libro
Lingua:slovacco
Soggetti:
Tags: Aggiungi Tag
Nessun Tag, puoi essere il primo ad aggiungerne!!

MARC

LEADER 00000nla a2200000 4500
001 0235121
005 20240502073816.3
041 0 |a slo 
044 |a SK 
245 1 0 |a Súčasné postavenie ekonomiky Európskej únie vo vybraných ukazovateľoch  |c Jana Krátka, Andrea Čambalíková 
520 |a Európska únia ako celok má významné ekonomické postavenie vo svetovej ekonomike. Analýza súčawsného postavenia ekonomiky Európskej únie v jej dvoch charakteristických črtách. Prvou črtou je otázka klesajúcej konkurencieschopnosti pracovnej sily ako súčasná slabá stránka ekonomiky Európskej únie. Druhou črtou je významné postavenie ekonomiky Európskej únie v medzinárodnom obchode. Dlhodobé tendencie, charakteristika a súčasný vývoj ukazovateľov práve v týchto dvoch oblastiach. 
610 2 0 |a hospodárstvo svetové 
610 2 0 |a Európska únia 
610 2 0 |a ukazovatele ekonomické 
610 2 0 |a obchod medzinárodný 
100 1 |a Krátka, Jana 
700 1 |a Čambalíková, Andrea, 1990-